Competition

Αποθηκεύτηκε σε:
Λεπτομέρειες βιβλιογραφικής εγγραφής
Κύριος συγγραφέας: Keddy, Paul A. 1953-
Μορφή: Βιβλίο
Γλώσσα:English
Δημοσίευση: Dordrecht : Kluwer Academic Publishers, 2001
Έκδοση:2nd ed.
Σειρά:Population and community biology series
Θέματα:
Ετικέτες: Προσθήκη ετικέτας
Δεν υπάρχουν, Καταχωρήστε ετικέτα πρώτοι!

MARC

LEADER 00000nam a2200000 i 4500
001 1/81920
008 080411s2001 eng d
020 |a 0-7923-6064-8 
035 |l 10096557 
040 |a GR-MY-UA  |b gre  |e aacr 
041 0 |a eng 
082 0 |a 577.83  |2 (22) 
100 1 |a Keddy, Paul A.  |d 1953- 
245 1 0 |a Competition /  |c Paul A. Keddy 
250 |a 2nd ed. 
260 |a Dordrecht :   |b Kluwer Academic Publishers,   |c 2001 
300 |a xvii, 552 σ.;  |b εικ.;  |c 25 εκ. 
490 1 |a Population and community biology series 
504 |a Βιβλιογραφία: σ. 487-534 
650 0 0 |a Compretition (Biology) 
830 0 |a Population and community biology series 
852 |a INST  |b LESVOS  |e 20080411  |h 577.83 KEN  |p 005100039580  |q 005100039580  |t BK  |y 0 
901 |a BIBL1-2008-1 
909 |a Λ  |b 144263 
922 |a 1ΕΛΗ  |b 200801  |c ΕΠΕΑΕΚ2/ΤΕΘ  |d ΠΑΠΑΣΩΤΗΡΙΟΥ 
970 |a ΚΑΡΑ  |b ΓΙΑΣΕΜΗ  |z 2008/04/11